All doctor who villains/aliens (2005-) - Statistics

General Stats
  • This quiz has been taken 15 times
  • The average score is 25 of 159
Answer Stats
Episode Villain/Alien % Correct
The Age of steel Cybermen
83%
Dalek Daleks
83%
Utopia The Master
75%
Blink Weeping Angels
75%
The impossible planet/The satan pit Ood
67%
Rose Autons
58%
Smith and jones Judoon
58%
Aliens of London/World war three Slitheen
58%
The poison sky Sontarans
58%
The impossible planet/The satan pit The beast
58%
Partners in crime Adipose
50%
The Shakespeare code Carrionites
50%
The end of the world Cassandra
50%
Human Nature The family of blood
50%
Tooth and claw Werewolf
50%
The stolen earth/Journey's end Davros
42%
Rose Nestene Consciousness
42%
The eleventh hour Prisoner Zero
42%
Human Nature Scarecrows
42%
The Christmas invasion Sycorax
42%
The unquiet dead The gelth
42%
The impossible astronaut/Day of the moon The silence
42%
The snowmen The snowmen
42%
42 The sun
42%
Silence in the library/Forest of the dead Vashta Nerada
42%
The long game Jagrafess
33%
The runaway bride Racnoss
33%
Wish world The rani
33%
The giggle The toymaker
33%
The idiot's Lantern The wire
33%
Last of the time lords Toclafane
33%
The girl in the fireplace Clockwork droids
25%
Utopia Futurekind
25%
The doctor's daughter Hath
25%
Gridlock Macra
25%
Voyage of the damned Max capricorn
25%
The god complex Minotaur
25%
Dark water/Death in heaven Missy
25%
The fires of Pompeii Pyroviles
25%
Father's Day Reapers
25%
Legend of the sea devils Sea devils
25%
Love and monsters The abzorbaloff
25%
Amy's choice The dream lord
25%
Army of Ghosts/Doomsday Torchwood
25%
The eleventh hour Atraxi
17%
Flatline Boneless
17%
Closing time Cybermat
17%
Daleks in Manhattan/Evolution of the daleks Dalek Sec
17%
The empty child/The doctor dances Gas mask zombies
17%
Mummy on the orient express GUS
17%
Voyage of the damned Heavenly hosts
17%
The doctor's wife House
17%
Cold War Ice warriors
17%
The Age of steel John Lumic
17%
School reunion Krillitane
17%
The Lazarus experiment Lazarus monster
17%
The devil's chord Maestro
17%
Midnight Midnight Entity
17%
Planet of the Ood Mr. Halpen
17%
Smith and jones Plasmavore
17%
The end of time parts 1 and 2 Rassilon
17%
The curse of the black spot Siren
17%
The beast below Smilers
17%
Bad wolf The Anne droid
17%
The pilot The pilot
17%
Turn left Time Beetle
17%
The unicorn and the wasp Vespiform
17%
The day of the doctor Zygons
17%
The rings of akhaten Akhaten
8%
Face the raven Ashildr
8%
The next doctor Cybershades
8%
The church on ruby road Goblins
8%
A town called mercy Gunslinger
8%
The devil's chord Harbinger
8%
Vincent and the doctor Krafayis
8%
The Sound of drums Lucy Saxon
8%
A good man goes to war Madame Kovarian
8%
The next doctor Mercy Hartigan
8%
Partners in crime Miss foster
8%
Extremis/The pyramid at the end of the world/The lie of the land Monks
8%
The reality war Omega
8%
Praxeus Praxeus
8%
The tsuranga conundrum Pting
8%
Sleep no more Sandmen
8%
The hungry earth/Cold blood Silurians
8%
Dinosaurs on a spaceship Solomon
8%
The beast below Star whale
8%
Oxygen Suits
8%
The legend of ruby Sunday/Empire of death Sutekh
8%
The end of the world The face of boe
8%
The waters of mars The flood
8%
The snowmen The great intelligence
8%
The girl who died The Mire
8%
Robot of sherwood The sheriff of Nottingham
8%
New Earth The sisters of plenitude
8%
The robot revolution Alan
0%
The star beast Beep the meep
0%
Space babies Bogeyman
0%
Rogue Chuldurs
0%
A good man goes to war Colonel "runaway" Manton
0%
Lucky day Conrad
0%
Hell bent Crippling grief
0%
The timeless children Cyberlords
0%
Last christmas Dream crabs
0%
Orphan 55 Dregs
0%
Smile Emojibots
0%
Under the lake/Before the flood Fisher King
0%
The rebel flesh/The almost people Gangers
0%
Fugitive of the judoon Gat
0%
Deep breath Half-face man
0%
The girl who waited Handbots
0%
The return of doctor mysterio Harmony Shoal
0%
The husbands of river song Hydroflax
0%
A town called mercy Kahler Jex
0%
Spyfall Kasaavin
0%
A christmas carol Kazran Sardick
0%
The interstellar song contest Kid
0%
Rosa Krasko
0%
Knock knock Landlord
0%
The woman who lived Leandro
0%
Thin ice Lord Sutcliffe
0%
World enough and time/The doctor falls Mondasian Cybermen
0%
The witchfinders Morax
0%
Lux Mr. Ring-a-ding
0%
The crimson horror Mr Sweet
0%
wild blue yonder No-things
0%
Night terrors Peg dolls
0%
Face the raven Quantum shade
0%
Flux Ravagers
0%
The runaway bride Roboforms/Robot santas
0%
Robot of sherwood Robot knights
0%
The vampires of Venice Saturnyns
0%
Fear her Scribble creature
0%
The power of three Shakri
0%
Nikola tesla's night of terror Skithra
0%
The caretaker Skovox Blitzer
0%
The lodger Spaceship
0%
Kill the moon Spider-germs
0%
The bells of Saint John Spoonheads
0%
Let's kill Hitler Teselecta
0%
Twice upon a time Testimony
0%
The story and the engine The barber
0%
Hide The crooked man
0%
The eaters of light The eaters of light
0%
Listen The figure
0%
Mummy on the orient express The foretold
0%
A good man goes to war The headless monks
0%
The haunting of villa diodati The lone Cyberman
0%
It takes you away The solitract
0%
Planet of the dead The swarm
0%
Time heist The teller
0%
Hell bent The veil
0%
The name of the doctor The whisper men
0%
Demons of the Punjab Thijarians
0%
Journey to the centre of the Tardis Time zombies
0%
The woman who fell to earth Tzim-Sha
0%
Boom Villengard
0%
The end of time parts 1 and 2 Vinvocci
0%
The star beast Wrarth warriors
0%
No matching quizzes found
Score Distribution
Percent of People with Each Score
Percentile by Number Answered
Your Score History
You have not taken this quiz